Central Library OPAC University of Rajshahi

রবীন্দ্রবিশ্বে পতিসর / (Record no. 65772)

MARC details
000 -LEADER
fixed length control field 00920nam a2200217 a 4500
001 - CONTROL NUMBER
control field 65772
003 - CONTROL NUMBER IDENTIFIER
rucl marc code BD-RjUL
005 - DATE AND TIME OF LATEST TRANSACTION
control field 20211209081449.0
008 - FIXED-LENGTH DATA ELEMENTS--GENERAL INFORMATION
fixed length control field 170312s2003 bg |||| |||| 000 0 ben d
035 ## - SYSTEM CONTROL NUMBER
System control number (BD-RjUL)65902
040 ## - CATALOGING SOURCE
Original cataloging agency BD-RjUL
Language of cataloging eng
Transcribing agency BD-RjUL
041 ## - LANGUAGE CODE
Language code of text/sound track or separate title eng
082 ## - DEWEY DECIMAL CLASSIFICATION NUMBER
Edition number 23
Classification number 891.4414
Author mark and year SAR 2003
100 1# - MAIN ENTRY--PERSONAL NAME
Personal name সাত্তার, আবদুস
9 (RLIN) 194510
245 10 - TITLE STATEMENT
Title রবীন্দ্রবিশ্বে পতিসর /
Statement of responsibility, etc. আবদুস সাত্তার.
260 ## - PUBLICATION, DISTRIBUTION, ETC. (IMPRINT)
Place of publication, distribution, etc. ঢাকা :
Name of publisher, distributor, etc. পদ্মা-যমুনা প্রকাশনী,
Date of publication, distribution, etc. ২০০৩.
300 ## - PHYSICAL DESCRIPTION
Pagination ১৩৫ পৃ ;
Size ২২ সে. মি.
600 ## - SUBJECT ADDED ENTRY--PERSONAL NAME
Personal name ঠাকুর, রবীন্দ্রনাথ,
Titles and other words associated with a name ১৮৬১-১৯৪১
General subdivision সমালোচনা ও ব্যাখ্যা
Personal name Tagore, Rabindranath,
Dates associated with a name 1861-1941
General subdivision Criticism and interpretation
942 ## - ADDED ENTRY ELEMENTS (KOHA)
Source of classification or shelving scheme Dewey Decimal Classification
Koha item type Books
Holdings
Lost status Source of classification or shelving scheme Damaged status Not for loan Collection code Permanent Location Current Location Shelving location Date acquired Source of acquisition Cost, normal purchase price Total Checkouts Full call number Date last seen Copy number Koha item type
  Dewey Decimal Classification   Not For Loan Non-fiction Central Library, University of Rajshahi Central Library, University of Rajshahi Reading Room 24/09/2003 Author 120.00   B 891.4414 SAR 2003 12/03/2017 C-1 Books